000 00484nam a22001697a 4500
005 20251108174545.0
008 250721s1987 xx 000 0 ara d
082 1 4 _aط/599.77/دلي
100 1 _aنابلسي، هالة
_eمؤلف
245 1 0 _aدليلك الى الكلاب /
264 1 _aبيروت :
_bدار المسيرة،
_c1987.
300 _a25 ص.
650 1 7 _aالكلاب
653 _aناشاون صغار (10-14)سنه
942 _2ddc
_cBK
999 _c112207
_d112207